000 00435nam a2200157Ia 4500
008 240729s9999 xx 000 0 und d
022 _a2083-7429
245 0 _aPolish Maritime Research
260 _aPoland
260 _bSciendo
650 _a Naval architecture. Shipbuilding. Marine engineering
650 _aNaval Science
856 _uhttps://doaj.org/toc/f76df1f685d6422da68a58defe98a71e
942 _2ddc
942 _cDOAJEJ
999 _c71237
_d71237
945 _a1
_bMadushi Gamage
_c1
_dMadushi Gamage